00439nam a2200157Ia 4500003000900000008004100009020001800050040001600068080001500084245004900099260003500148300001600183650004100199650001800240700002300258IN-BaIIA211028s9999 xx 000 0 eng d a0-89158-444-7 cIIA Library a523.9bTHE 4aThe new solar physicscedited by John A Eddy aColoradobWestview Pressc1978 axxii, 214p. aAstronomy and astrophysics thesaurus aSolar physics aEddy, John A., ed.